| 000 | 00530nam a22001577a 4500 | ||
|---|---|---|---|
| 003 | OSt | ||
| 005 | 20151004101851.0 | ||
| 008 | 151004b xxu||||| |||| 00| 0 eng d | ||
| 040 | _cRUA | ||
| 082 | _aAGR ជៀច 1995 B014 Or.1 | ||
| 100 |
_91988 _aជៀច, ដាមិត្ត |
||
| 245 | _aResearch of rice diseases, ការសិក្សាស្រាវជ្រាវ អំពីជំងឺលើដំណាំស្រូវ | ||
| 260 |
_aPhnom Penh _bRUA _c1995 |
||
| 300 |
_a80p. _bill. _c29cm. |
||
| 942 |
_2ddc _cAGR |
||
| 999 |
_c1878 _d1878 |
||